| 000 | 00806nam a2200121Ia 4500 | ||
|---|---|---|---|
| 008 | 220615s9999||||xx |||||||||||||| ||und|| | ||
| 100 | _aMaclean, Rupert||Jagannathan, Shanti||Panth, Brajesh | ||
| 245 | 0 | _aEducation and Skills for Inclusive Growth, Green Jobs and the Greening of Economies in Asia: Case Study Summaries of India, Indonesia, Sri Lanka and Viet Nam | |
| 546 | _aEnglish[eng] | ||
| 650 | _aEducation for Sustainable Development||Green Growth||Green Jobs||Inclusive Growth||Equity in the Promotion of Economic Growth||Environmental Education||Green Economies | ||
| 856 | _uhttps://library.oapen.org/bitstream/20.500.12657/27687/1/1002319.pdf||https://library.oapen.org/bitstream/20.500.12657/27687/1/1002319.pdf||https://library.oapen.org/bitstream/20.500.12657/27687/1/1002319.pdf | ||
| 942 | _cEB | ||
| 999 |
_c9326 _d9326 |
||